000 00884nam a2200217Ia 4500
001 17861
005 20260317170746.0
008 260306s9999||||xx |||||||||||||| ||und||
041 _aESP
082 _a658.3
_bB164 2017
100 _aBohlander, George W.
_eAUT
245 0 _aAdministración de recursos humanos
260 _c2017
300 _axxx, 706 páginas :
_c27 cm.
650 _aGEN
654 _aCAN
856 _uhttps://itmsp.museknowledge.com/UCSP?url=https://www.ebooks7-24.com:443/?il=4645&pg=1
_zVersión digital (2018)
856 _uhttps://0u213su22-y-https-ebooks7--24-com.itmsp.museknowledge.com/biblioteca.aspx?t=879F3E11-6760-4FE5-9156-07D170231047
_zVéase además: Base de datos Ebook7-24
856 _uhttps://0u20ysu2e-y-https-www-bibliotechnia-com-mx.itmsp.museknowledge.com/
_zVéase además: Base de datos BiblioTechnia
942 _cLIB
_dJUS
_fJUS
_2ddc
999 _c17861
_d17861